Rheological behaviour of prevulcanized natural rubber latex (Record no. 50920)

MARC details
000 -LEADER
fixed length control field 00462nam a2200169Ia 4500
100 ## - MAIN ENTRY--AUTHOR NAME
Personal name Claramma N.M.
245 #0 - TITLE STATEMENT
Title Rheological behaviour of prevulcanized natural rubber latex
260 ## - PUBLICATION, DISTRIBUTION, ETC. (IMPRINT)
Name of publisher Kautschuk Gummi Kunststoffe
Year of publication 1998
300 ## - PHYSICAL DESCRIPTION
Number of Pages 126-128
650 ## - SUBJECT ADDED ENTRY--TOPICAL TERM
Topical Term Natural rubber
650 ## - SUBJECT ADDED ENTRY--TOPICAL TERM
Topical Term Prevulcanized latex
650 ## - SUBJECT ADDED ENTRY--TOPICAL TERM
Topical Term Rheology
650 ## - SUBJECT ADDED ENTRY--TOPICAL TERM
Topical Term Viscosity modifier
700 ## - ADDED ENTRY--PERSONAL NAME
Personal name Mathew N.M.
942 ## - ADDED ENTRY ELEMENTS (KOHA)
Koha item type Bibliography STAF
Holdings
Withdrawn status Lost status Damaged status Not for loan Home library Current library Shelving location Date acquired Serial Enumeration / chronology Koha item type
      Bibliography RRII Library RRII Library Rubber chemistry 09/04/2014 Volume 51, Issue 2 Bibliography STAF